000 00292nam a22001337a 4500
008 170607b xxu||||| |||| 00| 0 eng d
020 _a9780742530058
041 _aeng
080 _22ND
_a94
100 _a18
101 _aSHH
245 _aPUTIN'S RUSSIA
_cHERSPRING,D.R
942 _2udc
_cBK
999 _c16264
_d16264